000 06012nam a22003857a 4500
001 BRCA_9304
002 P-125
003 FranzMayer
005 20260401120750.0
008 260401s1608 be a|||gr|||| 00| | lat d
040 _aBMFM
_bspa
041 0 _alat
_adut
_afre
050 0 _aNE1683.0.53
_b.V44 1608
100 1 _aVeen, Otto van
_d(c. 1556-1629)
_eautor, editor y diseño iconográfico
_930176
245 1 0 _aAmorum Emblemata, Figuris Aeneis Incisa Studio Othonis Vaeni Batavo-Lugdunensis /
_cOtto van Veen
260 _aAmberes, Bélgica :
_bVenalia apud auctorem, [impreso por] Hieronymus Verdussen (A la venta por el autor, impreso por Hieronymus Verdussen) ;
_c1608
300 _aXIV[14], 247 páginas :
_bgrabados ;
_c20 x 16.1 x 3 cm
520 3 _aObra ilustrada concebida como una guía moral y estética para la juventud, explorando las virtudes y peligros del amor, a través de un lenguaje simbólico propio de los libros de emblemas: un género popular entre los siglos XVI y XVII, en el que se combinaba una ilustración con un lema breve que reforzaba una enseñanza moral o filosófica.A través de 125 emblemas, Otto van Veen representó a cupido en diversas situaciones que simbolizan aspectos del amor humano, acompañada de un lema en latín, citas de autores clásicos como Ovidio, Séneca y Cicerón, y versos en lenguas vernáculas como francés, italiano, inglés o neerlandés, según la edición.
_bLa obra sigue el formato de los libros de emblemas: en la página izquierda se encuentra el texto (lema, citas y versos), y a la derecha, la imagen correspondiente. Los grabados fueron realizados por Cornelius Bol, a partir de los diseños de Van Veen.El libro fue puesto a la venta por el propio Otto van Veen (venalia apud auctorem) y físicamente impreso por Hieronymus Verdussen en Amberes, en 1608.
563 _aOtras referencias físicas: Encuadernación entera en piel decorada. El papel del cuerpo del libro está formado por pulpa de trapo, hecho a mano, con marcas de verjurado y marcas de agua. El cuerpo del libro está formado por cuadernillos unidos mediante costura aparentemente seguida sobre cinco soportes sencillos, elevados, de cordel; las prolongaciones de los soportes se usaron para unir el cuerpo a la cartera. Hojas de guarda lisas; la contraguarda anterior tiene un grabado adherido; la hoja de guarda móvil posterior tiene adherida una hoja mecanuscrita. Lomera plana con cajo; parece tener endoses de papel de reúso impreso, aunque no fue posible determinar el tipo ni el número de endoses. Cabezadas tejidas de color no determinado; actualmente las almas de las cabezadas están cortadas al ras, no fue posible determinar si en algún momento tuvieron prolongaciones. Cantos refinados, pulidos y aparentemente goteados en café y rojo. Soportes de las tapas de cartón. La piel está decorada en negro y rojo; las casillas 1, 3, 4, 5 y 6 tienen decoración en dorado; la casilla 2 tiene el título grabado en dorado. Texto impreso; el grabado en la contraguarda anterior tiene la fecha 1803 escrita con tinta ferrogálica; en la misma contraguarda hay anotaciones con tinta ferrogálica y lápiz
591 _aEstado de conservación: Bueno
591 _bDescripción de conservación: Intervenido. Las primeras hojas están reforzadas en la parte de los hombros; las puntas de la cartera tienen injertos de piel; el área de las cañuelas y de la lomera donde se perdió piel, están reintegradas cromáticamente con un tono rojizo. Suciedad, manchas, dobleces mínimos en las hojas, foxing, galerías de insectos, piel abrasionada, recubrimiento de las cañuelas perdido, faltantes en el lomo, soportes de costura abrasionados
592 _aMarcas adicionales: Exlibris de Franz Mayer. Exlibris de escudo con dos espadas cruzadas, acompañado de un querubín y rodeado de una guirnalda; en la cinta inferior figura el lema: <<In virtute et iustitia>>. Nota manuscrita en las guardas: [B.D.L.1803]. 125 emblemas calcográficos. Nombre del grabador [C. Boel fecit] (1 página). Incluye versos preliminares en latín atribuidos a Daniel Heinsius, Mich vander Hagen, Ph. Rubenius, Matthias Corbinot Middelburgius y Cornelis Boel. Hugonis Grotii y Matthias Corbinot Middelburgius aparecen mencionados en el título, aunque su autoría en estos versos no está confirmada, ( páginas II [2] y VII [7] ). Aprobación del ejemplar por Laur. Beyerlinck, S. Theol. Licent., Eccl. y Cathed. Ant. Canon Cenfor (página [248]). Colofon con el nombre del impresor: Typis Hendrik Swingen . En las guardas lleva pegada una nota mecanografiada con la siguiente información: << IV-11-1946./ Eduardo Villasenor, Director General, Banco de Mexico, Mexico, D.F./Vaenius.Amorum emblemata. 1608. $ 54.00/VAENIUS, OTHO. Amorum emblemata, figuris seneis incisa. Antveripae, apud auctorem, 1608. With a full-page figure representing Venus with Cupid on a chariot and 125 very nice large emblems engraved boy Conellius Boel. Smal 4to oblong. Contempor. calf (binding somewhat damaged).First edition of this charming embleme-book, with the text in Latin, Dutch anf French. Vinet 861 "Chaque amblème represénte lámour dans une situation différence et qui fait allusion à cette passion. Tous sont traités avec infiniment de finesse et de talent>>
593 _aColección adicional: Tratados, compendios y manuales
650 1 0 _aArt
_yEarly works to 1800
_930177
650 1 0 _aEmblems
_xIllustrated works
_y17th century
_930178
650 1 0 _aEngravings
_y17th century
_zNetherlands
_930179
650 1 0 _aLove
_x Moral aspects
_xEmblematic literature
_930180
650 1 0 _aSymbolic art
_y17th century
_930181
700 1 _aBoel, Cornelis
_d(c. 1576-162)
_egrabador
_930182
700 1 _aVerdussen I, Hieronymus
_d(1552-1635)
_eimpresor
_930183
856 4 1 _qTIF//PDF
_uhttps://bibliotecadigital.franzmayer.org.mx/items/bc88660b-162e-4c7f-aba0-bae727436ac2
_yBibliotecas Museo Franz Mayer
902 _aKH
_aFM
_aTV
942 _2lcc
_cB
960 _aCS-L2-N1
999 _c11112
_d11112